Descripción general de España e islas dependientes de ella
Gespeichert in:
| 1. Verfasser: | |
|---|---|
| Format: | keine Angabe |
| Sprache: | Spanisch |
| Erschienen: |
Madrid
s n (Imprenta de Repullés)
1827
|
| Katalog: | MANES: Suchergebnis im Bibliothekskatalog |
| Schulbuchspezifische Eigenschaften: |
|
| Tags: |
Tag hinzufügen
Keine Tags, Fügen Sie den ersten Tag hinzu!
|
| Hinzugefügt zu: | 26.04.2016 |
| Geändert in: | 30.01.2026 |
MARC
| LEADER | 000000000a22000000004500 | ||
|---|---|---|---|
| 001 | 35723 | ||
| 003 | OSt | ||
| 005 | 20260130100222.0 | ||
| 008 | 160427s sp ||||| |||| 00| 0 spa d | ||
| 040 | |a manes |c manes | ||
| 041 | |a Español | ||
| 100 | 1 | |a Verdejo Paez, Francisco |9 21393 | |
| 245 | 0 | 0 | |a Descripción general de España e islas dependientes de ella |
| 260 | 3 | |a Madrid |b s n (Imprenta de Repullés) |c 1827 | |
| 300 | |a T. I.: XVI, 432 p., [4] h. pleg.- T. II.: 350, [1] p., [2] h. pleg. |c 16 cm | ||
| 330 | |a 2 v. | ||
| 500 | |a Signatura: JE1/173. Enc. pasta española. Ded. ms. del autor al Instituto del Noviciado. El autor fue catedrático del Instituto Cardenal Cisneros. | ||
| 690 | |a GEO | ||
| 691 | 0 | |a SE | |
| 942 | |2 ddc |c BK | ||
| 546 | |a España | ||
| 999 | |c 42721 |d 42721 | ||
| 999 | |c manes:42721 |d 42721 | ||